A fieldguide to the amphibians and reptiles of Madagascar /
Saved in:
| Main Author: | |
|---|---|
| Other Authors: | |
| Format: | Book |
| Language: | English |
| Published: |
Köln, Germany :
M. Vences & F. Glaw Verlags,
c1994.
|
| Edition: | 2nd ed. |
| Subjects: | |
| Tags: |
Add Tag
No Tags, Be the first to tag this record!
|
| LEADER | 01329cam a2200349Ia 4500 | ||
|---|---|---|---|
| 001 | 005124635-X | ||
| 005 | 20020606095253.2 | ||
| 008 | 950120s1994 gw abf b 001 0 eng d | ||
| 020 | |a 3929449013 (pbk.) | ||
| 035 | 0 | |a ocm31863577 | |
| 040 | |a IBT |c IBT |d CAW |d HMZ | ||
| 041 | 0 | |a eng |b freger | |
| 043 | |a f-mg--- | ||
| 090 | |a QL662.M23 |b G42 1994 | ||
| 100 | 1 | |a Glaw, Frank. | |
| 245 | 1 | 2 | |a A fieldguide to the amphibians and reptiles of Madagascar / |c Frank Glaw, Miguel Vences. |
| 246 | 3 | |a Field guide to the amphibians and reptiles of Madagascar. | |
| 246 | 3 | 8 | |a Amphibians and reptiles of Madagascar. |
| 250 | |a 2nd ed. |b including mammals and freshwater fish. | ||
| 260 | |a Köln, Germany : |b M. Vences & F. Glaw Verlags, |c c1994. | ||
| 300 | |a 480 p., [48] p. of plates : |b ill. (some col.), maps ; |c 22 cm. | ||
| 500 | |a Summary in English, German, and French. | ||
| 500 | |a Spine title: Amphibians and reptiles of Madagascar. | ||
| 500 | |a "December 1994." | ||
| 504 | |a Includes bibliographical references (p. 448-467) and index. | ||
| 650 | 0 | |a Amphibians |z Madagascar |x Identification. | |
| 650 | 0 | |a Reptiles |z Madagascar |x Identification. | |
| 650 | 0 | |a Mammals |z Madagascar |x Identification. | |
| 650 | 0 | |a Freshwater fishes |z Madagascar |x Identification. | |
| 700 | 1 | |a Vences, Miguel. | |
| 988 | |a 20020608 | ||
| 906 | |0 OCLC | ||


